LEADER 03591nam 2200769Ia 450 001 9910450368903321 005 20200520144314.0 010 $a9786612357893 010 $a1-59734-556-3 010 $a1-282-35789-1 010 $a0-520-93798-8 024 7 $a10.1525/9780520937987 035 $a(CKB)1000000000017906 035 $a(EBL)227288 035 $a(OCoLC)475933483 035 $a(SSID)ssj0000131542 035 $a(PQKBManifestationID)11132591 035 $a(PQKBTitleCode)TC0000131542 035 $a(PQKBWorkID)10016537 035 $a(PQKB)10146032 035 $a(StDuBDS)EDZ0000056058 035 $a(MiAaPQ)EBC227288 035 $a(OCoLC)57532998 035 $a(MdBmJHUP)muse30975 035 $a(DE-B1597)518627 035 $a(DE-B1597)9780520937987 035 $a(Au-PeEL)EBL227288 035 $a(CaPaEBR)ebr10069064 035 $a(CaONFJC)MIL235789 035 $a(EXLCZ)991000000000017906 100 $a20040304d2005 uy 0 101 0 $aeng 135 $aur|n|---||||| 181 $ctxt 182 $cc 183 $acr 200 10$aCourting conflict$b[electronic resource] $ethe Israeli military court system in the West Bank and Gaza /$fLisa Hajjar 210 $aBerkeley $cUniversity of California Press$dc2005 215 $a1 online resource (337 p.) 300 $aDescription based upon print version of record. 311 $a0-520-24193-2 311 $a0-520-24194-0 320 $aIncludes bibliographical references and index. 327 $aA political geography of law and conflict -- Legal discourses and the conflict in Israel/Palestine -- Going to court -- The face and arms of military justice -- The politics of language -- Cause lawyering and national conflict -- Political subjects, legal objects -- A suq of deals. 330 $aIsrael's military court system, a centerpiece of Israel's apparatus of control in the West Bank and Gaza since 1967, has prosecuted hundreds of thousands of Palestinians. This authoritative book provides a rare look at an institution that lies both figuratively and literally at the center of the Israeli-Palestinian conflict. Lisa Hajjar has conducted in-depth interviews with dozens of Israelis and Palestinians-including judges, prosecutors, defense lawyers, defendants, and translators-about their experiences and practices to explain how this system functions, and how its functioning has affected the conflict. Her lucid, richly detailed, and theoretically sophisticated study highlights the array of problems and debates that characterize Israel's military courts as it asks how the law is deployed to protect and further the interests of the Israeli state and how it has been used to articulate and defend the rights of Palestinians living under occupation. 606 $aMilitary courts$zWest Bank 606 $aMilitary courts$zGaza Strip 606 $aWar and emergency powers$zIsrael 606 $aRule of law$zIsrael 606 $aPalestinian Arabs$xCivil rights 606 $aIsrael-Arab War, 1967$xOccupied territories 608 $aElectronic books. 615 0$aMilitary courts 615 0$aMilitary courts 615 0$aWar and emergency powers 615 0$aRule of law 615 0$aPalestinian Arabs$xCivil rights. 615 0$aIsrael-Arab War, 1967$xOccupied territories. 676 $a343.5695/30143 700 $aHajjar$b Lisa$f1961-$01035579 801 0$bMiAaPQ 801 1$bMiAaPQ 801 2$bMiAaPQ 906 $aBOOK 912 $a9910450368903321 996 $aCourting conflict$92455343 997 $aUNINA LEADER 01186nam a2200289 i 4500 001 991002497869707536 005 20020503170032.0 008 961009s|||| it ||| | ita 020 $a8843000748 035 $ab10373202-39ule_inst 035 $aEXGIL104859$9ExL 040 $aDip.to Filol. Ling. e Lett.$bita 082 0 $a370.1523 100 1 $aPontecorvo, Clotilde$0448983 245 10$aDiscutendo s'impara :$binterazione sociale e conoscenza a scuola /$cClotilde Pontecorvo, Anna Maria Ajello, Cristina Zucchermaglio 260 $a[Roma] :$bLa nuova Italia scientifica,$c266 p. ; 22 cm 490 0 $aStudi superiori NIS ;$v115 650 4$aApprendimento$xTeorie 650 4$aScuola - interazione sociale$xImpiego didattico 700 1 $aAjello, Anna Maria$eauthor$4http://id.loc.gov/vocabulary/relators/aut$0148986 700 1 $aZucchermaglio, Cristina 907 $a.b10373202$b21-02-17$c27-06-02 912 $a991002497869707536 945 $aLE008 FL.M. GL. D A 2$g1$i2008000490096$lle008$o-$pE0.00$q-$rl$s- $t0$u2$v1$w2$x0$y.i10436789$z27-06-02 996 $aDiscutendo s'impara$91445736 997 $aUNISALENTO 998 $ale008$b01-01-96$cm$da $e-$fita$git $h0$i1